Statistics for Croatia bordering countries

Click here to take the quiz!

General Stats

  • This quiz has been taken 268 times
  • The average score is 5 of 5

Answer Stats

Country % Correct
455 KmSlovenia
99%
241 KmSerbia
98%
329 KmHungary
95%
25 KmMontenegro
94%
932 KmBosnia and Herzegovina
79%

Score Distribution

Percentile by Number Answered

Percent of People with Each Score

Your Score History

You have not taken this quiz